[Event "Moscow Open A,B"]
[Site "?"]
[Date "2017.01.30"]
[Round "3.17"]
[White "Bodnaruk, Anastasia"]
[Black "Iljushina, Olga"]
[Result "1-0"]
[BlackElo "2248"]
[WhiteElo "2463"]
[LiveChessVersion "1.4.8"]

1. e4 {[%clk 1:30:58]} c5 {[%clk 1:30:56]} 2. Nf3 {[%clk 1:31:21]} Nc6
{[%clk 1:31:21]} 3. d4 {[%clk 1:31:47]} cxd4 {[%clk 1:31:47]} 4. Nxd4
{[%clk 1:32:14]} Nf6 {[%clk 1:32:10]} 5. Nc3 {[%clk 1:32:38]} d6 {[%clk 1:32:36]}
6. Bc4 {[%clk 1:32:58]} e5 {[%clk 1:32:46]} 7. Nf3 {[%clk 1:33:03]} Be6
{[%clk 1:32:13]} 8. Bb3 {[%clk 1:26:43]} Be7 {[%clk 1:30:45]} 9. Bg5
{[%clk 1:21:03]} O-O {[%clk 1:29:23]} 10. O-O {[%clk 1:20:58]} Qd7
{[%clk 1:19:32]} 11. h3 {[%clk 1:16:24]} Kh8 {[%clk 1:15:21]} 12. Qe2
{[%clk 1:12:05]} Ng8 {[%clk 1:03:36]} 13. Be3 {[%clk 1:06:23]} f5
{[%clk 1:02:44]} 14. exf5 {[%clk 0:56:55]} Rxf5 {[%clk 1:00:20]} 15. Rad1
{[%clk 0:50:18]} Raf8 {[%clk 0:59:55]} 16. Nh2 {[%clk 0:50:15]} R5f7
{[%clk 0:50:50]} 17. Ne4 {[%clk 0:42:01]} Bxb3 {[%clk 0:49:20]} 18. axb3
{[%clk 0:42:26]} d5 {[%clk 0:45:49]} 19. Nc5 {[%clk 0:41:41]} Bxc5
{[%clk 0:45:48]} 20. Bxc5 {[%clk 0:42:10]} Re8 {[%clk 0:44:56]} 21. Ng4
{[%clk 0:30:26]} Nf6 {[%clk 0:44:36]} 22. Nxf6 {[%clk 0:29:39]} Rxf6
{[%clk 0:43:33]} 23. f3 {[%clk 0:24:14]} d4 {[%clk 0:36:30]} 24. Rfe1
{[%clk 0:23:11]} b6 {[%clk 0:35:49]} 25. Ba3 {[%clk 0:23:35]} Qf7
{[%clk 0:25:42]} 26. b4 {[%clk 0:19:11]} Rfe6 {[%clk 0:23:46]} 27. b5
{[%clk 0:19:05]} Nd8 {[%clk 0:20:42]} 28. c3 {[%clk 0:17:49]} Nb7
{[%clk 0:16:30]} 29. Qc4 {[%clk 0:18:05]} Na5 {[%clk 0:10:31]} 30. Qd5
{[%clk 0:18:05]} dxc3 {[%clk 0:10:10]} 31. bxc3 {[%clk 0:18:22]} Kg8
{[%clk 0:07:50]} 32. Re4 {[%clk 0:15:14]} Nb7 {[%clk 0:03:19]} 33. Qd7
{[%clk 0:11:13]} Nc5 {[%clk 0:01:35]} 34. Bxc5 {[%clk 0:11:18]} bxc5
{[%clk 0:02:00]} 35. Qxf7+ {[%clk 0:04:32]} Kxf7 {[%clk 0:02:29]} 36. Rd5
{[%clk 0:03:08]} a6 {[%clk 0:01:49]} 37. bxa6 {[%clk 0:03:16]} Rxa6
{[%clk 0:02:07]} 38. Rxc5 {[%clk 0:01:21]} Ra1+ {[%clk 0:02:21]} 39. Kf2
{[%clk 0:01:16]} Rc1 {[%clk 0:02:28]} 40. f4 {[%clk 0:30:37]} exf4
{[%clk 0:31:28]} 41. Rc7+ {[%clk 0:20:50]} Kf8 {[%clk 0:31:57]} 42. Rxe8+
{[%clk 0:19:59]} Kxe8 {[%clk 0:32:26]} 43. Rxg7 {[%clk 0:20:17]} h5
{[%clk 0:30:26]} 44. Rh7 {[%clk 0:16:33]} Rc2+ {[%clk 0:29:23]} 45. Kf3
{[%clk 0:16:56]} Rxc3+ {[%clk 0:29:45]} 46. Kxf4 {[%clk 0:17:22]} Rc5
{[%clk 0:29:12]} 47. Rg7 {[%clk 0:16:51]} Kf8 {[%clk 0:29:07]} 48. Rg5
{[%clk 0:17:05]} Rc4+ {[%clk 0:29:06]} 49. Kf3 {[%clk 0:17:08]} Rc3+
{[%clk 0:29:14]} 50. Kf2 {[%clk 0:17:18]} Rc2+ {[%clk 0:29:18]} 51. Kg3
{[%clk 0:17:20]} Kf7 {[%clk 0:29:16]} 52. Rxh5 {[%clk 0:17:43]} Kg6
{[%clk 0:29:42]} 53. Ra5 {[%clk 0:18:07]} Rc3+ {[%clk 0:30:01]} 54. Kh4
{[%clk 0:18:11]} Rc4+ {[%clk 0:30:16]} 55. g4 {[%clk 0:18:33]} Rc6
{[%clk 0:30:40]} 56. Ra3 {[%clk 0:18:31]} Rb6 {[%clk 0:30:37]} 57. Kg3
{[%clk 0:18:55]} Rc6 {[%clk 0:30:38]} 58. h4 {[%clk 0:19:18]} Rb6
{[%clk 0:31:01]} 59. h5+ {[%clk 0:19:37]} Kh6 {[%clk 0:31:06]} 60. Kh4
{[%clk 0:20:02]} Kg7 {[%clk 0:31:24]} 61. Ra7+ {[%clk 0:20:18]} Kg8
{[%clk 0:31:46]} 62. Ra4 {[%clk 0:19:58]} Kg7 {[%clk 0:32:08]} 63. g5
{[%clk 0:20:00]} Rb7 {[%clk 0:32:00]} 64. h6+ {[%clk 0:20:14]} Kh7
{[%clk 0:32:23]} 65. Kh5 {[%clk 0:18:53]} Rb5 {[%clk 0:32:46]} 66. Ra7+
{[%clk 0:18:34]} Kg8 {[%clk 0:33:11]} 67. Re7 {[%clk 0:18:53]} Ra5
{[%clk 0:33:19]} 68. Kg6 {[%clk 0:18:58]} Ra6+ {[%clk 0:33:45]} 69. Kf5
{[%clk 0:19:23]} Ra5+ {[%clk 0:33:46]} 70. Kf6 {[%clk 0:19:21]} Ra8
{[%clk 0:33:07]} 71. g6 {[%clk 0:17:38]} Rf8+ {[%clk 0:33:21]} 72. Kg5
{[%clk 0:17:54]} Ra8 {[%clk 0:33:11]} 73. h7+ {[%clk 0:18:15]} Kh8
{[%clk 0:33:35]} 74. Kh6 {[%clk 0:18:36]} 1-0

[Event "Moscow Open A,B"]
[Site "?"]
[Date "2017.01.30"]
[Round "3.18"]
[White "Rakhmangulova, Anastasiya"]
[Black "Galliamova, Alisa"]
[Result "1/2-1/2"]
[BlackElo "2446"]
[WhiteElo "2254"]
[LiveChessVersion "1.4.8"]

1. d4 {[%clk 1:30:59]} Nf6 {[%clk 1:30:33]} 2. Nf3 {[%clk 1:31:23]} e6
{[%clk 1:30:18]} 3. Bg5 {[%clk 1:31:48]} c5 {[%clk 1:20:23]} 4. e3
{[%clk 1:31:06]} Qb6 {[%clk 1:14:53]} 5. Nbd2 {[%clk 1:29:40]} d5
{[%clk 1:12:26]} 6. Bd3 {[%clk 1:17:23]} c4 {[%clk 1:08:58]} 7. Be2
{[%clk 1:17:36]} Qxb2 {[%clk 1:08:54]} 8. O-O {[%clk 1:12:18]} Nbd7
{[%clk 0:55:37]} 9. e4 {[%clk 0:55:46]} Nxe4 {[%clk 0:47:34]} 10. Nxe4
{[%clk 0:55:57]} dxe4 {[%clk 0:47:59]} 11. Rb1 {[%clk 0:52:23]} Qa3
{[%clk 0:38:40]} 12. Nd2 {[%clk 0:50:50]} f6 {[%clk 0:34:27]} 13. Nxc4
{[%clk 0:47:12]} Qa4 {[%clk 0:34:37]} 14. Bf4 {[%clk 0:41:18]} Kf7
{[%clk 0:31:00]} 15. Ne3 {[%clk 0:34:01]} Nb6 {[%clk 0:26:05]} 16. Bb5
{[%clk 0:28:11]} Qa3 {[%clk 0:24:19]} 17. f3 {[%clk 0:19:00]} exf3
{[%clk 0:16:02]} 18. Qxf3 {[%clk 0:19:14]} Qe7 {[%clk 0:14:59]} 19. Bd3
{[%clk 0:14:43]} Qd8 {[%clk 0:13:59]} 20. Be5 {[%clk 0:08:35]} Be7
{[%clk 0:11:41]} 21. Qh3 {[%clk 0:04:59]} Kg8 {[%clk 0:10:58]} 22. Qf3
{[%clk 0:02:39]} Bd7 {[%clk 0:04:43]} 23. Be4 {[%clk 0:00:43]} Rc8
{[%clk 0:03:06]} 24. d5 {[%clk 0:00:40]} Be8 {[%clk 0:02:23]} 25. Bd4
{[%clk 0:00:37]} e5 {[%clk 0:02:07]} 26. Bxb6 {[%clk 0:00:38]} axb6
{[%clk 0:02:33]} 27. Nf5 {[%clk 0:00:49]} Bc5+ {[%clk 0:02:15]} 28. Kh1
{[%clk 0:01:15]} g6 {[%clk 0:02:28]} 29. Qg3 {[%clk 0:00:39]} Kf8
{[%clk 0:01:23]} 30. Nh6 {[%clk 0:00:53]} Kg7 {[%clk 0:01:07]} 31. Nf5+
{[%clk 0:01:18]} Kf8 {[%clk 0:01:32]} 32. Nh6 {[%clk 0:01:43]} Kg7
{[%clk 0:01:07]} 33. Nf5+ {[%clk 0:01:02]} Kf8 {[%clk 0:01:25]} 34. Nh6
{[%clk 0:01:28]} 1/2-1/2

[Event "Moscow Open A,B"]
[Site "?"]
[Date "2017.01.30"]
[Round "3.19"]
[White "Kashlinskaya, Alina"]
[Black "Martynkova, Olena"]
[Result "1-0"]
[BlackElo "2202"]
[WhiteElo "2418"]
[LiveChessVersion "1.4.8"]

1. d4 {[%clk 1:30:57]} Nf6 {[%clk 1:30:51]} 2. c4 {[%clk 1:31:21]} c5
{[%clk 1:31:10]} 3. d5 {[%clk 1:31:45]} b5 {[%clk 1:31:23]} 4. cxb5
{[%clk 1:32:00]} a6 {[%clk 1:31:36]} 5. bxa6 {[%clk 1:32:07]} g6 {[%clk 1:31:46]}
6. Nc3 {[%clk 1:32:32]} Bxa6 {[%clk 1:31:59]} 7. Nf3 {[%clk 1:31:51]} Bg7
{[%clk 1:31:47]} 8. e4 {[%clk 1:32:00]} Bxf1 {[%clk 1:31:28]} 9. Kxf1
{[%clk 1:32:24]} d6 {[%clk 1:31:22]} 10. g3 {[%clk 1:32:35]} O-O {[%clk 1:31:10]}
11. Kg2 {[%clk 1:32:56]} Nbd7 {[%clk 1:30:54]} 12. Qe2 {[%clk 1:30:42]} Qa5
{[%clk 1:28:17]} 13. Bd2 {[%clk 1:24:58]} Rfb8 {[%clk 1:25:01]} 14. Rhb1
{[%clk 1:23:59]} Qa6 {[%clk 1:15:25]} 15. Qe1 {[%clk 1:19:35]} Ng4
{[%clk 1:11:19]} 16. a4 {[%clk 1:16:28]} Qd3 {[%clk 1:04:50]} 17. Nb5
{[%clk 1:12:04]} Nde5 {[%clk 0:45:41]} 18. Nxe5 {[%clk 1:11:08]} Nxe5
{[%clk 0:43:31]} 19. Ra3 {[%clk 1:03:42]} Qc2 {[%clk 0:43:07]} 20. Rc3
{[%clk 0:58:14]} Qxa4 {[%clk 0:42:34]} 21. Nc7 {[%clk 0:58:28]} Nc4
{[%clk 0:32:52]} 22. Nxa8 {[%clk 0:54:33]} Bxc3 {[%clk 0:31:39]} 23. Bxc3
{[%clk 0:52:57]} Qxa8 {[%clk 0:31:52]} 24. h4 {[%clk 0:49:20]} h5
{[%clk 0:25:34]} 25. Qc1 {[%clk 0:48:26]} e5 {[%clk 0:21:22]} 26. g4
{[%clk 0:45:40]} hxg4 {[%clk 0:18:02]} 27. h5 {[%clk 0:45:36]} Kg7
{[%clk 0:13:35]} 28. Ra1 {[%clk 0:39:51]} Qb7 {[%clk 0:13:43]} 29. Qg5
{[%clk 0:40:11]} Rh8 {[%clk 0:10:00]} 30. Rh1 {[%clk 0:36:06]} Qd7
{[%clk 0:05:19]} 31. h6+ {[%clk 0:35:31]} Kh7 {[%clk 0:05:33]} 32. Qf6
{[%clk 0:35:47]} Rg8 {[%clk 0:05:58]} 33. Ra1 {[%clk 0:35:27]} Nb6
{[%clk 0:05:36]} 34. Bd2 {[%clk 0:31:07]} g5 {[%clk 0:04:56]} 35. Ra6
{[%clk 0:31:11]} Nc8 {[%clk 0:03:17]} 36. Bxg5 {[%clk 0:28:13]} Rg6
{[%clk 0:03:40]} 37. Qd8 {[%clk 0:28:32]} Qxd8 {[%clk 0:03:57]} 38. Bxd8
{[%clk 0:28:56]} Rg8 {[%clk 0:04:01]} 39. Bf6 {[%clk 0:26:14]} Kxh6
{[%clk 0:02:13]} 40. Bxe5 {[%clk 0:56:36]} Kg5 {[%clk 0:31:33]} 41. Bh2
{[%clk 0:46:19]} Re8 {[%clk 0:23:07]} 42. e5 {[%clk 0:39:26]} dxe5
{[%clk 0:16:23]} 43. d6 {[%clk 0:39:38]} Nxd6 {[%clk 0:15:27]} 44. Rxd6
{[%clk 0:40:01]} f6 {[%clk 0:15:40]} 45. Rd2 {[%clk 0:38:06]} Rb8
{[%clk 0:14:26]} 46. Rc2 {[%clk 0:36:36]} Rb3 {[%clk 0:12:35]} 47. Bg3
{[%clk 0:35:04]} c4 {[%clk 0:10:37]} 48. Kf1 {[%clk 0:34:51]} Rb5
{[%clk 0:10:33]} 49. Bh2 {[%clk 0:31:45]} Kf5 {[%clk 0:02:27]} 50. Ke2
{[%clk 0:31:41]} Ke6 {[%clk 0:01:47]} 51. Kd1 {[%clk 0:28:32]} f5
{[%clk 0:01:29]} 52. Re2 {[%clk 0:25:57]} Kd6 {[%clk 0:01:09]} 53. Kc2
{[%clk 0:26:21]} f4 {[%clk 0:01:11]} 54. Rd2+ {[%clk 0:25:57]} Kc5
{[%clk 0:00:44]} 55. Rd8 {[%clk 0:25:45]} Rb3 {[%clk 0:01:07]} 56. Rg8
{[%clk 0:25:17]} Rh3 {[%clk 0:01:01]} 57. Bg1 {[%clk 0:25:39]} Kd5
{[%clk 0:00:58]} 58. Rxg4 {[%clk 0:25:39]} Ke4 {[%clk 0:01:13]} 59. Rg5
{[%clk 0:25:45]} Rb3 {[%clk 0:00:51]} 60. Rh5 {[%clk 0:24:44]} Rb5
{[%clk 0:00:50]} 61. Rh3 {[%clk 0:24:46]} Rb7 {[%clk 0:00:51]} 62. f3+
{[%clk 0:22:03]} Kd5 {[%clk 0:01:15]} 63. Bf2 {[%clk 0:22:21]} Rb3
{[%clk 0:00:48]} 64. Be1 {[%clk 0:22:23]} Re3 {[%clk 0:00:36]} 65. Bd2
{[%clk 0:21:52]} Re2 {[%clk 0:00:52]} 66. Kd1 {[%clk 0:21:38]} Rg2
{[%clk 0:00:50]} 67. Bc3 {[%clk 0:21:05]} Rg5 {[%clk 0:00:39]} 68. Rh8
{[%clk 0:21:15]} Rg1+ {[%clk 0:00:33]} 69. Ke2 {[%clk 0:21:38]} Rg2+
{[%clk 0:00:56]} 70. Kf1 {[%clk 0:22:01]} Rg5 {[%clk 0:01:14]} 71. Rd8+
{[%clk 0:21:59]} Ke6 {[%clk 0:00:51]} 72. Bb4 {[%clk 0:21:49]} Rh5
{[%clk 0:00:41]} 73. Rd6+ {[%clk 0:22:02]} Kf5 {[%clk 0:01:06]} 74. Rc6
{[%clk 0:22:18]} Rh2 {[%clk 0:01:05]} 75. Bc3 {[%clk 0:22:24]} e4
{[%clk 0:01:15]} 76. Rc5+ {[%clk 0:22:42]} 1-0

[Event "Moscow Open A,B"]
[Site "?"]
[Date "2017.01.30"]
[Round "3.20"]
[White "Shuvalova, Polina"]
[Black "Baraeva, Marina"]
[Result "1-0"]
[BlackElo "2183"]
[WhiteElo "2387"]
[LiveChessVersion "1.4.8"]

1. e4 {[%clk 1:30:57]} e6 {[%clk 1:30:54]} 2. d4 {[%clk 1:31:24]} d5
{[%clk 1:31:17]} 3. Nd2 {[%clk 1:31:50]} c5 {[%clk 1:31:39]} 4. exd5
{[%clk 1:32:15]} Qxd5 {[%clk 1:31:58]} 5. Ngf3 {[%clk 1:32:33]} cxd4
{[%clk 1:32:08]} 6. Bc4 {[%clk 1:32:59]} Qd6 {[%clk 1:32:20]} 7. O-O
{[%clk 1:33:24]} Nf6 {[%clk 1:32:43]} 8. Nb3 {[%clk 1:33:51]} Nc6
{[%clk 1:32:56]} 9. Nbxd4 {[%clk 1:34:16]} Nxd4 {[%clk 1:33:19]} 10. Nxd4
{[%clk 1:34:42]} a6 {[%clk 1:32:53]} 11. Re1 {[%clk 1:35:08]} Qc7
{[%clk 1:28:11]} 12. Bf1 {[%clk 1:35:22]} Bd6 {[%clk 1:24:19]} 13. Nf5
{[%clk 1:35:45]} Bxh2+ {[%clk 1:20:21]} 14. Kh1 {[%clk 1:36:13]} O-O
{[%clk 1:13:52]} 15. Nxg7 {[%clk 1:35:10]} Kxg7 {[%clk 1:03:54]} 16. Qd4
{[%clk 1:35:26]} e5 {[%clk 0:59:40]} 17. Qh4 {[%clk 1:35:49]} Ng8
{[%clk 0:58:33]} 18. Bd3 {[%clk 1:21:21]} f5 {[%clk 0:57:08]} 19. Qxh2
{[%clk 1:20:48]} Be6 {[%clk 0:41:54]} 20. Rxe5 {[%clk 1:17:06]} Rae8
{[%clk 0:41:56]} 21. Bf4 {[%clk 1:15:17]} Qf7 {[%clk 0:36:25]} 22. Rae1
{[%clk 1:15:29]} Qg6 {[%clk 0:28:30]} 23. R5e3 {[%clk 1:12:21]} Kh8
{[%clk 0:17:20]} 24. Be5+ {[%clk 1:11:34]} Nf6 {[%clk 0:17:44]} 25. Bc3
{[%clk 1:02:27]} Bd7 {[%clk 0:16:36]} 26. Qd6 {[%clk 0:57:55]} Rd8
{[%clk 0:15:20]} 27. Rg3 {[%clk 0:51:08]} Qh6+ {[%clk 0:14:59]} 28. Kg1
{[%clk 0:51:16]} f4 {[%clk 0:14:49]} 29. Rf3 {[%clk 0:45:47]} Bc6
{[%clk 0:09:30]} 30. Qxf4 {[%clk 0:45:23]} Qxf4 {[%clk 0:09:52]} 31. Rxf4
{[%clk 0:45:23]} 1-0

[Event "Moscow Open A,B"]
[Site "?"]
[Date "2017.01.31"]
[Round "4.16"]
[White "Goryachkina, Aleksandra"]
[Black "Obolentseva, Alexandra"]
[Result "1/2-1/2"]
[BlackElo "2338"]
[WhiteElo "2466"]
[LiveChessVersion "1.4.8"]

1. e4 {[%clk 1:30:46]} c5 {[%clk 1:30:53]} 2. Nf3 {[%clk 1:31:09]} d6
{[%clk 1:31:17]} 3. Bb5+ {[%clk 1:31:10]} Nd7 {[%clk 1:30:34]} 4. a4
{[%clk 1:30:25]} Ngf6 {[%clk 1:30:20]} 5. Nc3 {[%clk 1:30:47]} a6
{[%clk 1:30:20]} 6. Be2 {[%clk 1:30:04]} g6 {[%clk 1:28:12]} 7. a5
{[%clk 1:27:16]} Bg7 {[%clk 1:26:35]} 8. O-O {[%clk 1:26:10]} O-O
{[%clk 1:26:50]} 9. Re1 {[%clk 1:21:19]} Nb8 {[%clk 1:21:39]} 10. d4
{[%clk 1:07:10]} cxd4 {[%clk 1:21:44]} 11. Nxd4 {[%clk 1:07:35]} Nc6
{[%clk 1:21:44]} 12. Nxc6 {[%clk 1:05:26]} bxc6 {[%clk 1:21:44]} 13. Be3
{[%clk 1:04:29]} Nd7 {[%clk 1:20:22]} 14. Qd2 {[%clk 1:02:41]} Rb8
{[%clk 1:19:41]} 15. Ra2 {[%clk 0:59:18]} Bb7 {[%clk 1:13:45]} 16. Bd4
{[%clk 0:55:02]} Nf6 {[%clk 1:07:57]} 17. Bc4 {[%clk 0:45:52]} c5
{[%clk 1:06:50]} 18. Bxf6 {[%clk 0:44:17]} Bxf6 {[%clk 1:07:11]} 19. Qd3
{[%clk 0:41:36]} Bg7 {[%clk 0:58:07]} 20. Rd1 {[%clk 0:37:18]} Bxc3
{[%clk 0:55:40]} 21. bxc3 {[%clk 0:36:33]} Qc7 {[%clk 0:49:34]} 22. Raa1
{[%clk 0:33:16]} Bc6 {[%clk 0:44:04]} 23. Bxa6 {[%clk 0:19:35]} Ra8
{[%clk 0:44:29]} 24. Bb5 {[%clk 0:18:19]} Bxb5 {[%clk 0:43:59]} 25. Qxb5
{[%clk 0:18:48]} Rfb8 {[%clk 0:44:18]} 26. Qa4 {[%clk 0:18:35]} Ra7
{[%clk 0:40:52]} 27. Ra3 {[%clk 0:10:45]} Rba8 {[%clk 0:40:30]} 28. Rda1
{[%clk 0:10:45]} Rxa5 {[%clk 0:40:31]} 29. Qxa5 {[%clk 0:11:06]} Rxa5
{[%clk 0:40:56]} 30. Rxa5 {[%clk 0:11:32]} Qb7 {[%clk 0:41:18]} 31. e5
{[%clk 0:08:20]} Qb2 {[%clk 0:39:40]} 32. exd6 {[%clk 0:07:50]} exd6
{[%clk 0:39:49]} 33. c4 {[%clk 0:07:10]} Qxc2 {[%clk 0:40:10]} 34. R5a4
{[%clk 0:07:17]} Kg7 {[%clk 0:40:01]} 35. h3 {[%clk 0:06:32]} h5 {[%clk 0:38:25]}
36. R1a2 {[%clk 0:06:21]} Qc1+ {[%clk 0:36:46]} 37. Kh2 {[%clk 0:06:49]} Qf4+
{[%clk 0:37:10]} 38. g3 {[%clk 0:04:20]} Qd4 {[%clk 0:36:22]} 39. Rc2
{[%clk 0:03:49]} Qd3 {[%clk 0:35:34]} 40. Raa2 {[%clk 0:33:53]} Qe4
{[%clk 1:05:26]} 41. Rab2 {[%clk 0:32:11]} Qd3 {[%clk 1:04:11]} 42. Rc1
{[%clk 0:31:52]} Qa3 {[%clk 1:04:00]} 43. Rbc2 {[%clk 0:32:11]} Qd3
{[%clk 1:04:23]} 44. Rc3 {[%clk 0:32:22]} Qd2 {[%clk 1:04:26]} 45. Kg2
{[%clk 0:32:13]} Kg8 {[%clk 1:04:29]} 46. R1c2 {[%clk 0:32:16]} Qd1
{[%clk 1:03:56]} 47. Rc1 {[%clk 0:29:36]} Qd2 {[%clk 1:04:19]} 48. R3c2
{[%clk 0:29:59]} Qd3 {[%clk 1:04:37]} 49. Rb2 {[%clk 0:29:40]} Kg7
{[%clk 1:04:29]} 50. Rcc2 {[%clk 0:29:00]} Qd4 {[%clk 1:04:41]} 51. Kh2
{[%clk 0:28:01]} Qd3 {[%clk 1:04:58]} 52. h4 {[%clk 0:26:39]} Qd4
{[%clk 1:04:58]} 53. Rd2 {[%clk 0:22:39]} Qxc4 {[%clk 1:01:37]} 54. Rxd6
{[%clk 0:22:52]} Qe4 {[%clk 0:59:54]} 55. Rdd2 {[%clk 0:22:35]} g5
{[%clk 0:49:48]} 56. hxg5 {[%clk 0:22:44]} h4 {[%clk 0:50:09]} 57. Rbc2
{[%clk 0:21:50]} hxg3+ {[%clk 0:49:56]} 58. fxg3 {[%clk 0:21:39]} Qe5
{[%clk 0:49:11]} 59. Rc4 {[%clk 0:20:08]} Qxg5 {[%clk 0:49:35]} 60. Rdc2
{[%clk 0:18:16]} Qh5+ {[%clk 0:49:59]} 61. Kg1 {[%clk 0:18:11]} Qd1+
{[%clk 0:48:46]} 62. Kf2 {[%clk 0:17:16]} Qh5 {[%clk 0:49:10]} 63. R2c3
{[%clk 0:11:19]} Qh2+ {[%clk 0:49:01]} 64. Ke1 {[%clk 0:09:34]} Qg1+
{[%clk 0:47:59]} 65. Kd2 {[%clk 0:09:54]} Qg2+ {[%clk 0:48:12]} 66. Kc1
{[%clk 0:10:14]} Qh1+ {[%clk 0:48:38]} 67. Kb2 {[%clk 0:10:34]} Qg2+
{[%clk 0:47:58]} 68. Ka3 {[%clk 0:10:24]} Qa8+ {[%clk 0:48:22]} 69. Ra4
{[%clk 0:10:30]} Qh1 {[%clk 0:48:41]} 70. Rg4+ {[%clk 0:08:05]} Kf8
{[%clk 0:48:56]} 71. Rf4 {[%clk 0:05:46]} Qa8+ {[%clk 0:48:41]} 72. Kb3
{[%clk 0:04:15]} Qb7+ {[%clk 0:49:05]} 73. Kc2 {[%clk 0:03:02]} Qg2+
{[%clk 0:49:13]} 74. Kd1 {[%clk 0:02:57]} Qg1+ {[%clk 0:49:32]} 75. Ke2
{[%clk 0:03:15]} Qg2+ {[%clk 0:49:57]} 76. Ke1 {[%clk 0:03:21]} Qh1+
{[%clk 0:49:36]} 77. Ke2 {[%clk 0:02:56]} Qg2+ {[%clk 0:49:52]} 78. Ke1
{[%clk 0:02:36]} 1/2-1/2

[Event "Moscow Open A,B"]
[Site "?"]
[Date "2017.01.31"]
[Round "4.17"]
[White "Gritsayeva, Oksana"]
[Black "Bodnaruk, Anastasia"]
[Result "1-0"]
[BlackElo "2463"]
[WhiteElo "2321"]
[LiveChessVersion "1.4.8"]

1. e4 {[%clk 1:30:58]} d6 {[%clk 1:30:53]} 2. d4 {[%clk 1:31:23]} g6
{[%clk 1:31:18]} 3. Nc3 {[%clk 1:31:44]} Bg7 {[%clk 1:31:44]} 4. Bc4
{[%clk 1:31:02]} Nf6 {[%clk 1:26:45]} 5. Bb3 {[%clk 1:31:25]} O-O
{[%clk 1:26:38]} 6. Nf3 {[%clk 1:27:25]} Bg4 {[%clk 1:25:15]} 7. Be3
{[%clk 1:25:42]} Nc6 {[%clk 1:21:14]} 8. h3 {[%clk 1:25:08]} Bxf3
{[%clk 1:21:37]} 9. Qxf3 {[%clk 1:25:32]} e5 {[%clk 1:19:29]} 10. dxe5
{[%clk 1:25:14]} Nxe5 {[%clk 1:17:52]} 11. Qe2 {[%clk 1:17:25]} c6
{[%clk 1:13:34]} 12. a4 {[%clk 1:08:45]} Qe7 {[%clk 1:01:08]} 13. O-O-O
{[%clk 0:57:16]} a6 {[%clk 0:45:57]} 14. Qd2 {[%clk 0:52:30]} b5 {[%clk 0:43:03]}
15. Qxd6 {[%clk 0:51:43]} Qxd6 {[%clk 0:41:34]} 16. Rxd6 {[%clk 0:52:06]} b4
{[%clk 0:41:49]} 17. Ne2 {[%clk 0:47:54]} Nxe4 {[%clk 0:41:50]} 18. Rdd1
{[%clk 0:47:17]} Rfd8 {[%clk 0:31:57]} 19. Bb6 {[%clk 0:25:36]} Bh6+
{[%clk 0:29:40]} 20. f4 {[%clk 0:24:30]} Rxd1+ {[%clk 0:29:31]} 21. Rxd1
{[%clk 0:24:49]} Nf6 {[%clk 0:21:47]} 22. g4 {[%clk 0:14:38]} Ned7
{[%clk 0:21:27]} 23. Bg1 {[%clk 0:13:26]} Re8 {[%clk 0:16:06]} 24. Bc4
{[%clk 0:09:32]} Nd5 {[%clk 0:10:57]} 25. g5 {[%clk 0:09:22]} Bg7
{[%clk 0:10:31]} 26. a5 {[%clk 0:09:00]} Nb8 {[%clk 0:09:11]} 27. Ba7
{[%clk 0:08:07]} h6 {[%clk 0:09:05]} 28. h4 {[%clk 0:06:54]} Nd7 {[%clk 0:08:06]}
29. Nd4 {[%clk 0:05:37]} Ne3 {[%clk 0:06:57]} 30. Re1 {[%clk 0:05:40]} c5
{[%clk 0:06:36]} 31. Nb3 {[%clk 0:05:12]} hxg5 {[%clk 0:04:45]} 32. hxg5
{[%clk 0:05:33]} Bxb2+ {[%clk 0:04:43]} 33. Kb1 {[%clk 0:05:55]} Bc3
{[%clk 0:04:31]} 34. Re2 {[%clk 0:06:18]} Kg7 {[%clk 0:01:28]} 35. Bxa6
{[%clk 0:05:05]} Ra8 {[%clk 0:01:57]} 36. Rxe3 {[%clk 0:05:01]} Rxa7
{[%clk 0:02:25]} 37. Bc4 {[%clk 0:04:56]} Kf8 {[%clk 0:01:53]} 38. Kc1
{[%clk 0:04:24]} f6 {[%clk 0:00:46]} 39. gxf6 {[%clk 0:03:23]} Nxf6
{[%clk 0:00:40]} 40. a6 {[%clk 0:33:22]} Rh7 {[%clk 0:30:35]} 41. Kd1
{[%clk 0:29:52]} Nd7 {[%clk 0:17:24]} 42. Re6 {[%clk 0:25:37]} Rh1+
{[%clk 0:16:15]} 43. Ke2 {[%clk 0:26:02]} Re1+ {[%clk 0:16:36]} 44. Kd3
{[%clk 0:23:50]} Rxe6 {[%clk 0:16:16]} 45. Bxe6 {[%clk 0:24:16]} Nb6
{[%clk 0:16:38]} 46. a7 {[%clk 0:24:07]} Ke7 {[%clk 0:16:49]} 47. Bd5
{[%clk 0:24:18]} Kd6 {[%clk 0:16:39]} 48. Ke4 {[%clk 0:23:11]} Be1
{[%clk 0:13:03]} 49. Na5 {[%clk 0:21:53]} b3 {[%clk 0:13:02]} 50. Nc4+
{[%clk 0:19:32]} Nxc4 {[%clk 0:12:39]} 51. a8=Q {[%clk 0:19:49]} bxc2
{[%clk 0:12:22]} 52. Qd8# {[%clk 0:20:12]} Kxd5+ {[%clk 0:12:20]} 1-0